Evaluación del carbón activado obtenido a partir de la vaina de malinche para absorción de fenol del agua residual de Laboratorio CIDEA-UCA
La investigación a borda sobre la capacidad de adsorción del carbón activado, para remover o adsorber fenol en aguas residuales de Laboratorio Instituto de Capacitación e Investigación y Desarrollo Ambiental de la Universidad Centroamericana, obtenido a partir de la vaina de malinche. Este est...
| Main Authors: | , |
|---|---|
| Other Authors: | |
| Format: | Tesis Section = Libro |
| Language: | Undetermined Spanish |
| Published: |
Managua
UNI
2015
|
| Subjects: |
| LEADER | 01644nam a2200265Ia 4500 | ||
|---|---|---|---|
| 008 | 240830s9999 xx 000 0 und d | ||
| 040 | |a BIBLIOTECA-RUSB/ Mon 662.74 M798 | ||
| 041 | |a spa | ||
| 082 | |a Mon 662.74 M798 | ||
| 100 | 1 | |a Montoya Delgado, Oscar Ernesto | |
| 100 | 1 | |b Matute Sánchez, Ricardo Heriberto | |
| 245 | 1 | 0 | |a Evaluación del carbón activado obtenido a partir de la vaina de malinche para absorción de fenol del agua residual de Laboratorio CIDEA-UCA |
| 260 | |a Managua |b UNI |c 2015 | ||
| 300 | |a 75 p. :il. | ||
| 500 | |a Contiene: anexos e Incluye: CD. | ||
| 502 | |a Tesis (Ingeniero Químico) - UNI, 2015. | ||
| 520 | 3 | |a La investigación a borda sobre la capacidad de adsorción del carbón activado, para remover o adsorber fenol en aguas residuales de Laboratorio Instituto de Capacitación e Investigación y Desarrollo Ambiental de la Universidad Centroamericana, obtenido a partir de la vaina de malinche. Este estudio abarca la preparación del carbón consiste en recolección, selección, lavado, reducción de tamaño y molienda de la vaina de malinche hasta una granulometría de 106 micrómetros (um), la cual es impregnada con NaOH, como agente activante, con una relación de impregnación optima de 1:1.5 durante 10 minutos siendo acompañada de una agitación constante, posteriormente se pirolizo a 350 C en una mufla durante 30 minutos. | |
| 650 | 7 | |a CARBON ACTIVADO-ADSORCION | |
| 650 | 7 | |b CARBON ANIMAL | |
| 650 | 7 | |c CARBON VEGETAL | |
| 650 | 7 | |d CARBON PULVERIZADO I | |
| 700 | 1 | |a Tutor: |b López Valerio, Danilo Ambrosio | |
| 942 | |c BK |2 ddc | ||
| 991 | |a TESIS | ||
| 999 | |c 20671 | ||